=LDR 00000nam 2200000 4500 =001 INLIS000000000013460 =005 20130612104842 =008 ***********************************Ind** =035 ##$$a0010-061300000013460 =041 ##$$a Ind =082 ##$$a 530.7 =090 ##$$a 530.7, Tha r =100 ##$$a Thamrin =245 ##$$a Rahasia penerapan rumus-rumus fisika SMU, drs.Thamrin =260 ##$$a 2003 $b Jakarta =300 ##$$a 192 hlm, 20 cm =650 ##$$a Fisika - Studi, dan pengajaran =850 ##$$a NBPNMAT =990 ##$$a 94190/BPAP-NTB/2014